[Event "Managua Sub zt 2.3"]
[Site "Managua"]
[Date "2014.05.02"]
[Round "8"]
[White "Quinonez Centeno, Carlos David"]
[Black "Diaz, Hector"]
[Result "1-0"]
[WhiteElo "2326"]
[BlackElo "2038"]
[PlyCount "49"]
[EventDate "2014.04.27"]
[EventType "swiss"]
[EventRounds "9"]
[EventCountry "NCA"]
[SourceTitle "EXT 2015"]
[Source "ChessBase"]
[SourceDate "2014.11.20"]
[SourceVersion "1"]
[SourceVersionDate "2014.11.20"]
[SourceQuality "1"]

1. e4 e5 2. Nc3 Nc6 3. f4 Bc5 4. Nf3 d6 5. Bb5 a6 6. Bxc6+ bxc6 7. fxe5 dxe5 8. d3 Qd6 9. Qe2 Rb8 10. Nd1 Nf6 11. Be3 0-0 12. 0-0 h6 13. Kh1 Bxe3 14. Nxe3 Be6 15. Nh4 Nd7 16. Nhf5 Bxf5 17. Nxf5 Qf6 18. b3 Nc5 19. Rf3 Ne6 20. Raf1 Qd8 21. Rg3 Kh7 22. Qh5 Qf6 23. Kg1 g5 24. Rh3 Rh8 25. Nxh6 1-0

[Event "Managua Sub zt 2.3"]
[Site "Managua"]
[Date "2014.05.01"]
[Round "7"]
[White "Diaz, Hector"]
[Black "Blandon, Jaime"]
[Result "1-0"]
[WhiteElo "2038"]
[BlackElo "1917"]
[PlyCount "73"]
[EventDate "2014.04.27"]
[EventType "swiss"]
[EventRounds "9"]
[EventCountry "NCA"]
[SourceTitle "EXT 2015"]
[Source "ChessBase"]
[SourceDate "2014.11.20"]
[SourceVersion "1"]
[SourceVersionDate "2014.11.20"]
[SourceQuality "1"]

1. d4 Nf6 2. Nf3 e6 3. Bg5 d5 4. e3 h6 5. Bh4 Nbd7 6. Bd3 c5 7. c3 Be7 8. Nbd2 b6 9. 0-0 0-0 10. Ne5 Bb7 11. Bxf6 Nxf6 12. f4 Ne4 13. f5 Bg5 14. Qe2 exf5 15. Rxf5 Bc8 16. Rff1 Nxd2 17. Qxd2 Bf6 18. Qf2 Bxe5 19. dxe5 Qe7 20. Qf4 Bd7 21. e4 c4 22. Bc2 Qc5+ 23. Kh1 Rad8 24. exd5 Qxd5 25. Rad1 Qb5 26. a4 Qc6 27. Rd6 Qc8 28. Qe4 Rfe8 29. Qh7+ Kf8 30. Qh8+ Ke7 31. Qxg7 Be6 32. Qf6+ Kf8 33. Qxh6+ Ke7 34. Qf6+ Kf8 35. Bg6 Qc7 36. h4 Kg8 37. Rxe6 1-0

[Event "Managua Sub zt 2.3"]
[Site "Managua"]
[Date "2014.04.29"]
[Round "4"]
[White "Pilarte, Mario"]
[Black "Diaz, Hector"]
[Result "1-0"]
[WhiteElo "1856"]
[BlackElo "2038"]
[PlyCount "87"]
[EventDate "2014.04.27"]
[EventType "swiss"]
[EventRounds "9"]
[EventCountry "NCA"]
[SourceTitle "EXT 2015"]
[Source "ChessBase"]
[SourceDate "2014.11.20"]
[SourceVersion "1"]
[SourceVersionDate "2014.11.20"]
[SourceQuality "1"]

1. d4 Nf6 2. c4 e6 3. Nc3 Bb4 4. Qc2 c5 5. e3 0-0 6. Nf3 b6 7. a3 Bxc3+ 8. bxc3 Bb7 9. Bd3 d6 10. e4 h6 11. 0-0 Nbd7 12. a4 a5 13. Rd1 e5 14. d5 Re8 15. g3 Nf8 16. Nh4 Bc8 17. Re1 g5 18. Ng2 Ng6 19. Rb1 Bh3 20. Ne3 Rb8 21. f3 Bd7 22. Nd1 Kh8 23. Nf2 Rg8 24. Rf1 Qe8 25. Ra1 Ne7 26. Bd2 h5 27. Be2 Rg7 28. Kh1 Qg8 29. Rab1 Rh7 30. Qc1 g4 31. Bg5 Qg6 32. fxg4 hxg4 33. Bxf6+ Qxf6 34. Nxg4 Qg6 35. Nf6 Bh3 36. Nxh7 Bxf1 37. Qxf1 Qxe4+ 38. Kg1 Qxh7 39. Qf6+ Kg8 40. Rf1 Re8 41. Qxd6 Qe4 42. Qf6 Rf8 43. Qxe7 Qxe2 44. Qg5+ 1-0

[Event "Panama op 3rd"]
[Site "Panama City"]
[Date "2013.11.03"]
[Round "6"]
[White "Mendoza, Rodrigo"]
[Black "Diaz, Hector"]
[Result "0-1"]
[WhiteElo "2189"]
[BlackElo "2023"]
[PlyCount "126"]
[EventDate "2013.10.30"]
[EventType "swiss"]
[EventRounds "9"]
[EventCountry "PAN"]
[SourceTitle "EXT 2014"]
[Source "ChessBase"]
[SourceDate "2013.11.20"]
[SourceVersion "1"]
[SourceVersionDate "2013.11.20"]
[SourceQuality "1"]

1. d4 Nf6 2. Nf3 e6 3. c4 c5 4. Nc3 cxd4 5. Nxd4 Bb4 6. Bd2 Nc6 7. Nxc6 dxc6 8. a3 Bc5 9. e3 e5 10. Qc2 0-0 11. b4 Be7 12. Bd3 a5 13. Rb1 axb4 14. axb4 Be6 15. 0-0 Qd7 16. Rfd1 Rfd8 17. Be1 Qc7 18. f3 Qb6 19. c5 Qc7 20. Bf2 Ra3 21. Bh4 h6 22. Rdc1 e4 23. Bf1 exf3 24. gxf3 Qe5 25. Bf2 Nd5 26. Nxd5 Bxd5 27. e4 Be6 28. Bg2 Qg5 29. Rd1 Rda8 30. Qd2 Qh5 31. Bg3 Bf6 32. Qe2 Ra2 33. Qf1 Rc2 34. e5 Raa2 35. exf6 Rxg2+ 36. Qxg2 Rxg2+ 37. Kxg2 Bd5 38. Rd3 Qf5 39. Rbd1 Qxf6 40. R1d2 g5 41. Kf2 g4 42. Re3 gxf3 43. Re8+ Kh7 44. b5 Qc3 45. Rxd5 cxd5 46. Bd6 Qb2+ 47. Kxf3 Qxb5 48. Re7 Kg6 49. Re5 Qd3+ 50. Kf4 Qd2+ 51. Kf3 Kf6 52. Re7 Qd3+ 53. Kf2 Qb5 54. Re5 Qb2+ 55. Re2 Qb3 56. Be5+ Kf5 57. Bd6 d4 58. Re5+ Kf6 59. Re2 Qd5 60. Bf8 d3 61. Rd2 Qe4 62. Bd6 Qd4+ 63. Kf3 b6 0-1